| 000 | 00924nmm a2200289 a 4500 | ||
|---|---|---|---|
| 001 | ocm0001221605 | ||
| 003 | TR-IsHL | ||
| 005 | 20201028154819.0 | ||
| 008 | 131226s2008 tu tur | ||
| 007 | cr cn | ||
| 020 | _a9789756392836 | ||
| 035 |
_a1221605 _b(N$T) |
||
| 050 | 0 | 4 |
_aT49.5 _b.E73 2008 |
| 090 | 0 | 4 |
_aT49.5 _b.E73 2008 |
| 100 | 1 | _aErdal, Murat | |
| 245 | 1 | 0 |
_aTeknoloji yönetimi _h[electronic resource] / _cMurat Erdal |
| 260 |
_aİstanbul : _bTürkmen Kitabevi, _c2008 |
||
| 300 | _a448 p. | ||
| 650 | 4 | _aMühendislik ve Teknoloji | |
| 650 | 4 | _aEngineering and Technology | |
| 650 | 0 | _aTeknolojik yenilikler | |
| 650 | 0 | _aTechnological innovations | |
| 650 | 0 |
_aTeknoloji _x Yönetim |
|
| 650 | 0 |
_aTechnology _x Management |
|
| 650 | 7 |
_aTECHNOLOGY & ENGINEERING / General _2bisacsh |
|
| 856 | 4 | 0 | _uhttp://search.ebscohost.com/login.aspx?direct=true&scope=site&db=e011xww&AN=1221605 |
| 999 |
_c12767 _d12767 |
||